[Event "Canarias-chT"]
[Site "Vecindario"]
[Date "2019.06.15"]
[Round "5.4"]
[White "Morales Sanchez, Domingo"]
[Black "Sanchez Santamaria, Raul"]
[Result "1/2-1/2"]
[WhiteElo "1452"]
[BlackElo "1349"]
[PlyCount "95"]
[EventDate "2019.06.13"]
[EventType "team-swiss"]
[EventRounds "6"]
[EventCountry "ESP"]
[SourceTitle "EXT 2020"]
[Source "ChessBase"]
[SourceDate "2019.10.17"]
[SourceVersion "1"]
[SourceVersionDate "2019.10.17"]
[SourceQuality "1"]
[WhiteTeam "Hotel Avda de Canarias III"]
[BlackTeam "Hotel Avda de Canarias II"]
[WhiteTeamCountry "ESP"]
[BlackTeamCountry "ESP"]

1. e4 e5 2. Nc3 Bc5 3. g3 Nf6 4. Bg2 0-0 5. Nge2 d6 6. Na4 Bb6 7. Nxb6 axb6 8. d4 exd4 9. Nxd4 h6 10. 0-0 Nbd7 11. a3 Re8 12. Re1 Nc5 13. f3 Ne6 14. Be3 Qe7 15. c4 Nxd4 16. Bxd4 Be6 17. b3 Nd7 18. f4 Nc5 19. f5 Bd7 20. Qc2 Bc6 21. e5 Bxg2 22. Kxg2 dxe5 23. Bxe5 Qd7 24. Rad1 Qc6+ 25. Kg1 Nd7 26. Bd4 Nf6 27. Qb2 Nh5 28. Rxe8+ Rxe8 29. Qf2 Nf6 30. Qb2 Nh5 31. Qf2 Qe4 32. Bc3 Qe3 33. Re1 Qxf2+ 34. Kxf2 Rxe1 35. Kxe1 Kf8 36. Kf2 Ke7 37. Kf3 Nf6 38. g4 g6 39. Kf4 h5 40. h3 hxg4 41. hxg4 gxf5 42. Kxf5 Nd7 43. b4 c5 44. g5 Ke8 45. Bd2 Ke7 46. Bf4 Kd8 47. Bd6 Ke8 48. Bf4 1/2-1/2

[Event "Liga Insular Gran Canaria 2b"]
[Site "Las Palmas"]
[Date "2019.06.01"]
[Round "10.2"]
[White "Morales Sanchez, Domingo"]
[Black "Garcia Cruz, Jose Manuel"]
[Result "1/2-1/2"]
[WhiteElo "1478"]
[BlackElo "1354"]
[PlyCount "44"]
[EventDate "2019.03.02"]
[EventType "team-tourn"]
[EventRounds "10"]
[EventCountry "ESP"]
[SourceTitle "EXT 2021"]
[Source "ChessBase"]
[SourceDate "2020.10.23"]
[SourceVersion "1"]
[SourceVersionDate "2020.10.23"]
[SourceQuality "1"]
[WhiteTeam "Hotel Avda de Canarias IV"]
[BlackTeam "Fundacion La Caja de Canarias IV"]
[WhiteTeamCountry "ESP"]
[BlackTeamCountry "ESP"]

1. e4 c6 2. d4 d5 3. e5 e6 4. Nf3 b6 5. c4 Ba6 6. b3 Bb4+ 7. Bd2 Bxd2+ 8. Qxd2 Nh6 9. Bd3 b5 10. c5 b4 11. 0-0 Bxd3 12. Qxd3 0-0 13. Nbd2 a5 14. a3 Na6 15. Rfc1 Nc7 16. axb4 axb4 17. Ra4 Rxa4 18. bxa4 Qa8 19. Qb3 Qb7 20. Ra1 Ra8 21. Qb2 Nf5 22. g4 Ne7 1/2-1/2

[Event "Liga Insular Gran Canaria 2b"]
[Site "Las Palmas"]
[Date "2019.05.25"]
[Round "9.2"]
[White "Gil Quesada, Juan"]
[Black "Morales Sanchez, Domingo"]
[Result "0-1"]
[WhiteElo "1073"]
[BlackElo "1478"]
[PlyCount "80"]
[EventDate "2019.03.02"]
[EventType "team-tourn"]
[EventRounds "10"]
[EventCountry "ESP"]
[SourceTitle "EXT 2021"]
[Source "ChessBase"]
[SourceDate "2020.10.23"]
[SourceVersion "1"]
[SourceVersionDate "2020.10.23"]
[SourceQuality "1"]
[WhiteTeam "Sociedad La Montana IV"]
[BlackTeam "Hotel Avda de Canarias IV"]
[WhiteTeamCountry "ESP"]
[BlackTeamCountry "ESP"]

1. d4 d5 2. c3 Nf6 3. Nf3 e6 4. Bg5 Be7 5. Bxf6 Bxf6 6. e3 Nc6 7. Bb5 Bd7 8. Bxc6 Bxc6 9. Nbd2 0-0 10. Qc2 Re8 11. h4 h6 12. g4 Be7 13. Ne5 Bxh4 14. 0-0-0 Bf6 15. g5 Bxg5 16. Rdg1 Kf8 17. f4 Bf6 18. Nxf7 Kxf7 19. Qg6+ Ke7 20. Qh7 Kd6 21. Qc2 Kd7 22. Qd3 a6 23. Nb3 b6 24. Re1 Kc8 25. Rhg1 g5 26. f5 e5 27. dxe5 Bxe5 28. e4 Bf4+ 29. Kc2 dxe4 30. Qxd8+ Rxd8 31. Kb1 e3 32. f6 Be4+ 33. Ka1 c5 34. a3 Kc7 35. f7 Bd5 36. Nc1 Bxf7 37. Rh1 h5 38. Rd1 Rxd1 39. Rxd1 Rd8 40. Rxd8 Kxd8 0-1

[Event "Las Palmas Montalvo Memorial 11th"]
[Site "Las Palmas"]
[Date "2018.03.27"]
[Round "5"]
[White "Morales Sanchez, Domingo"]
[Black "Diez Asensio, Jesus"]
[Result "1/2-1/2"]
[WhiteElo "1455"]
[BlackElo "1843"]
[PlyCount "61"]
[EventDate "2018.03.24"]
[EventType "swiss"]
[EventRounds "9"]
[EventCountry "ESP"]
[SourceTitle "CBM 183 Extra"]
[Source "ChessBase"]
[SourceDate "2018.04.19"]
[SourceVersion "1"]
[SourceVersionDate "2018.04.19"]
[SourceQuality "1"]

1. c4 c6 2. Nc3 d5 3. cxd5 cxd5 4. d4 Nc6 5. g3 Nf6 6. Bg2 Bf5 7. Nf3 h6 8. 0-0 e6 9. a3 Be7 10. b4 0-0 11. Re1 Rc8 12. Bb2 Re8 13. e3 Nd7 14. Nd2 Nb6 15. Rc1 Bf6 16. Ne2 a6 17. Nf4 Qd6 18. Qb3 Rc7 19. Nd3 e5 20. dxe5 Nxe5 21. Nxe5 Bxe5 22. Bxe5 Qxe5 23. Nf3 Qd6 24. Nd4 Bg6 25. a4 Rec8 26. Rxc7 Qxc7 27. a5 Nd7 28. Bxd5 Nf6 29. Bg2 b6 30. axb6 Qxb6 31. b5 1/2-1/2

[Event "Las Palmas Montalvo Memorial 11th"]
[Site "Las Palmas"]
[Date "2018.03.24"]
[Round "1"]
[White "Morales Sanchez, Domingo"]
[Black "Medina Martin, Alberto"]
[Result "1/2-1/2"]
[WhiteElo "1455"]
[BlackElo "2015"]
[PlyCount "125"]
[EventDate "2018.03.24"]
[EventType "swiss"]
[EventRounds "9"]
[EventCountry "ESP"]
[SourceTitle "CBM 183 Extra"]
[Source "ChessBase"]
[SourceDate "2018.04.19"]
[SourceVersion "1"]
[SourceVersionDate "2018.04.19"]
[SourceQuality "1"]

1. e4 e6 2. Nc3 d5 3. exd5 exd5 4. d4 c6 5. Nf3 Bd6 6. Be2 Ne7 7. a3 Bf5 8. Bd3 0-0 9. Bxf5 Nxf5 10. 0-0 Na6 11. Bd2 Nc7 12. Ne2 Ne6 13. Qc1 Qc7 14. c3 Rfe8 15. Re1 c5 16. h3 c4 17. Qc2 Ne7 18. b4 Ng6 19. Qf5 Qd7 20. Kh1 Bc7 21. Ne5 Bxe5 22. dxe5 Nc5 23. Qxd7 Nxd7 24. f4 f6 25. e6 Rxe6 26. f5 Rxe2 27. Rxe2 Nge5 28. Bf4 Re8 29. Bxe5 fxe5 30. Rd1 Nf6 31. g4 Ne4 32. Rxe4 dxe4 33. Kg2 g6 34. f6 Kf7 35. Rd6 g5 36. Kf2 Re6 37. Rd7+ Kxf6 38. Rxb7 Ra6 39. Rc7 Rxa3 40. Rxc4 a5 41. bxa5 Rxa5 42. Ke3 Ra1 43. Rc6+ Ke7 44. Kxe4 Re1+ 45. Kf3 e4+ 46. Kf2 Rh1 47. Rh6 Rc1 48. Rxh7+ Kd6 49. Ke3 Ke5 50. Re7+ Kd5 51. Rd7+ Ke6 52. Rh7 Ke5 53. Re7+ Kd6 54. Rh7 Re1+ 55. Kd2 Rf1 56. Ke3 Re1+ 57. Kd2 Rh1 58. Ke3 Ke5 59. Re7+ Kd5 60. Rd7+ Ke6 61. Rh7 Re1+ 62. Kd2 Rf1 63. Ke3 1/2-1/2

[Event "Las Palmas Insular-chT Segunda-A 1617"]
[Site "Las Palmas"]
[Date "2016.11.19"]
[Round "5.3"]
[White "Morales Sanchez, Domingo"]
[Black "Nuez Vostokov, Maria"]
[Result "1/2-1/2"]
[WhiteElo "1459"]
[BlackElo "1372"]
[PlyCount "44"]
[EventDate "2016.10.22"]
[EventType "team-tourn"]
[EventRounds "14"]
[EventCountry "ESP"]
[SourceTitle "EXT 2018"]
[Source "ChessBase"]
[SourceDate "2017.10.13"]
[SourceVersion "1"]
[SourceVersionDate "2017.10.13"]
[SourceQuality "1"]
[WhiteTeam "Hotel Avda de Canarias IV"]
[BlackTeam "Guia Univac III"]
[WhiteTeamCountry "ESP"]
[BlackTeamCountry "ESP"]

1. c4 e5 2. Nc3 Bb4 3. Qc2 Nf6 4. d3 Nc6 5. Bd2 d5 6. cxd5 Nxd5 7. a3 Be7 8. g3 Be6 9. Nf3 0-0 10. Bg2 Rc8 11. 0-0 Qd7 12. Rfe1 Rfd8 13. b4 a6 14. Rab1 Bf6 15. Ne4 Rb8 16. Nxf6+ Nxf6 17. a4 Qd6 18. b5 Ne7 19. Bb4 Qd7 20. Nxe5 Qe8 21. Qxc7 Ned5 22. Qc2 Rdc8 1/2-1/2

[Event "Canarias-ch Seniors"]
[Site "Vecindario"]
[Date "2016.05.28"]
[Round "3.6"]
[White "Molina Rodriguez, Jose"]
[Black "Morales Sanchez, Domingo"]
[Result "0-1"]
[WhiteElo "1035"]
[BlackElo "1428"]
[PlyCount "68"]
[EventDate "2016.05.27"]
[EventType "swiss"]
[EventRounds "6"]
[EventCountry "ESP"]
[SourceTitle "EXT 2024"]
[Source "ChessBase"]
[SourceDate "2023.10.10"]
[SourceVersion "1"]
[SourceVersionDate "2023.10.10"]
[SourceQuality "1"]

1. e4 c5 2. Nf3 d6 3. Nc3 Nc6 4. Bb5 Bd7 5. Bxc6 Bxc6 6. 0-0 Nf6 7. Re1 e6 8. d4 cxd4 9. Nxd4 Be7 10. Nxc6 bxc6 11. Bg5 Qc7 12. Qe2 Rb8 13. b3 h6 14. Bxf6 Bxf6 15. Qe3 Qa5 16. b4 Qa3 17. Rab1 Qxc3 18. Qxc3 Bxc3 19. Red1 Rxb4 20. Rxb4 Bxb4 21. Rb1 Ba5 22. Rb8+ Bd8 23. Ra8 a5 24. Ra7 0-0 25. Ra6 d5 26. Rxc6 d4 27. e5 Be7 28. Rc7 Bb4 29. Rd7 Bc3 30. Kf1 Rb8 31. Ke2 Rb2 32. Kd3 Rxa2 33. Rd8+ Kh7 34. Rf8 Kg6 0-1

[Event "Canarias-ch Seniors"]
[Site "Vecindario"]
[Date "2016.05.27"]
[Round "1.4"]
[White "Rodriguez Perez, Mauro"]
[Black "Morales Sanchez, Domingo"]
[Result "1-0"]
[WhiteElo "1903"]
[BlackElo "1428"]
[PlyCount "65"]
[EventDate "2016.05.27"]
[EventType "swiss"]
[EventRounds "6"]
[EventCountry "ESP"]
[SourceTitle "EXT 2024"]
[Source "ChessBase"]
[SourceDate "2023.10.10"]
[SourceVersion "1"]
[SourceVersionDate "2023.10.10"]
[SourceQuality "1"]

1. d4 d5 2. c4 e6 3. Nc3 Nf6 4. Bg5 Be7 5. e3 c6 6. cxd5 cxd5 7. Nf3 0-0 8. Bd3 Nc6 9. Rc1 a6 10. 0-0 h6 11. Bh4 Ne8 12. Bg3 Bd6 13. Bb1 Bxg3 14. hxg3 f5 15. Na4 Nf6 16. Nc5 Re8 17. Qb3 Qe7 18. Nd3 g5 19. Nfe5 Ne4 20. Nxc6 bxc6 21. Qd1 Bd7 22. Ne5 Rec8 23. Bxe4 dxe4 24. Qh5 Be8 25. Qxh6 Rc7 26. g4 Rac8 27. Rc5 Rb8 28. b3 Rb5 29. Rfc1 fxg4 30. Nxg4 Bd7 31. Nf6+ Kf7 32. Nxe4 e5 33. Nd6+ 1-0

[Event "Las Palmas Centro Goya op"]
[Site "Las Palmas"]
[Date "2014.12.01"]
[Round "1"]
[White "Morales Sanchez, Domingo"]
[Black "Ramirez Medina, Victor"]
[Result "0-1"]
[WhiteElo "1432"]
[BlackElo "2059"]
[PlyCount "74"]
[EventDate "2014.12.01"]
[EventType "swiss"]
[EventRounds "9"]
[EventCountry "ESP"]
[SourceTitle "CBM 163 Extra"]
[Source "ChessBase"]
[SourceDate "2014.12.23"]
[SourceVersion "1"]
[SourceVersionDate "2014.12.23"]
[SourceQuality "1"]

1. c4 c6 2. d4 d5 3. cxd5 cxd5 4. Nc3 Nf6 5. g3 Nc6 6. Bg2 Bf5 7. a3 e6 8. Nf3 Bd6 9. 0-0 0-0 10. b4 Rc8 11. Bb2 h6 12. Rc1 Qe7 13. Qb3 Rfd8 14. e3 Rc7 15. Nh4 Bh7 16. Nb5 Rcc8 17. Nxd6 Qxd6 18. Nf3 Ne4 19. Rfd1 Qe7 20. Nd2 Nd6 21. a4 a6 22. Ba3 Qd7 23. Bf1 b5 24. axb5 axb5 25. Rc5 Nc4 26. Nxc4 dxc4 27. Qc3 Ne7 28. Rxc8 Rxc8 29. Bg2 Nd5 30. Qe1 Bd3 31. e4 Nf6 32. Bb2 Qc7 33. Bc3 Re8 34. Ra1 Qc6 35. f3 Nd7 36. Qd2 Nb6 37. Rc1 Na4 0-1

[Event "Gran Canaria Santa Lucia op 2nd"]
[Site "Gran Canaria"]
[Date "2014.08.18"]
[Round "7"]
[White "Sanchez Gonzalez, Eloy Antonio"]
[Black "Morales Sanchez, Domingo"]
[Result "1-0"]
[WhiteElo "1250"]
[BlackElo "1466"]
[PlyCount "101"]
[EventDate "2014.08.14"]
[EventType "swiss"]
[EventRounds "9"]
[EventCountry "ESP"]
[SourceTitle "EXT 2015"]
[Source "ChessBase"]
[SourceDate "2014.11.20"]
[SourceVersion "1"]
[SourceVersionDate "2014.11.20"]
[SourceQuality "1"]

1. d4 d5 2. c4 e6 3. e3 Nf6 4. Nc3 c6 5. Nf3 Nbd7 6. Bd3 Be7 7. 0-0 b6 8. Bd2 Bb7 9. Qc2 Rc8 10. Qa4 a6 11. cxd5 b5 12. Qb3 cxd5 13. Rac1 0-0 14. Ne2 Qb6 15. Bb4 Bd6 16. Rc3 Rxc3 17. Nxc3 Rc8 18. Qa3 Bxb4 19. Qxb4 Ne4 20. Bxe4 dxe4 21. Nd2 Nf6 22. Na4 Qc7 23. Nc5 Nd5 24. Qa3 Nf6 25. Nxa6 Qc2 26. Nb3 Bxa6 27. Qxa6 Qc6 28. Qxc6 Rxc6 29. Rc1 Rxc1+ 30. Nxc1 Nd5 31. Ne2 f5 32. Kf1 Kf7 33. Ke1 Nb4 34. Nc3 Nd3+ 35. Ke2 Nxb2 36. Nxb5 Nc4 37. a4 Ke7 38. f3 g5 39. fxe4 fxe4 40. Nc3 Nd6 41. Kf2 h5 42. d5 exd5 43. Nxd5+ Ke6 44. Nc7+ Kd7 45. Nb5 Nxb5 46. axb5 Kc7 47. Kg3 Kb6 48. h4 gxh4+ 49. Kxh4 Kxb5 50. Kxh5 Kc4 51. Kg4 1-0

[Event "Gran Canaria Santa Lucia op 2nd"]
[Site "Gran Canaria"]
[Date "2014.08.15"]
[Round "2"]
[White "Morales Sanchez, Domingo"]
[Black "Gimenez Aldecocea, Jorge"]
[Result "0-1"]
[WhiteElo "1466"]
[BlackElo "1176"]
[PlyCount "56"]
[EventDate "2014.08.14"]
[EventType "swiss"]
[EventRounds "9"]
[EventCountry "ESP"]
[SourceTitle "EXT 2015"]
[Source "ChessBase"]
[SourceDate "2014.11.20"]
[SourceVersion "1"]
[SourceVersionDate "2014.11.20"]
[SourceQuality "1"]

1. Nf3 e6 2. c4 Nf6 3. Nc3 d5 4. cxd5 exd5 5. d4 c6 6. g3 Nbd7 7. a3 Be7 8. Bg2 0-0 9. 0-0 Nb6 10. Re1 Bg4 11. b3 Re8 12. Bb2 Bxf3 13. Bxf3 Qd7 14. e4 dxe4 15. Nxe4 Nbd5 16. Bg2 Nxe4 17. Bxe4 Bf6 18. Qc2 g6 19. Rad1 Bg7 20. Qd2 Re6 21. Bg2 Rae8 22. Rxe6 Rxe6 23. Bh3 f5 24. g4 Qf7 25. gxf5 gxf5 26. Kh1 Rg6 27. f4 Nxf4 28. Qe3 Qd5+ 0-1

[Event "Las Palmas Ciudad 1st"]
[Site "Las Palmas"]
[Date "2014.07.09"]
[Round "6"]
[White "Gonzalez Intelangelo, Gerardo"]
[Black "Morales Sanchez, Domingo"]
[Result "1-0"]
[WhiteElo "2020"]
[BlackElo "1454"]
[PlyCount "97"]
[EventDate "2014.07.05"]
[EventType "swiss"]
[EventRounds "7"]
[EventCountry "ESP"]
[SourceTitle "EXT 2016"]
[Source "ChessBase"]
[SourceDate "2015.10.08"]
[SourceVersion "1"]
[SourceVersionDate "2015.10.08"]
[SourceQuality "1"]

1. d4 d5 2. c4 e6 3. Nc3 Nf6 4. Bg5 Be7 5. cxd5 exd5 6. e3 c6 7. Bd3 0-0 8. Qc2 h6 9. Bh4 Nbd7 10. Nge2 b6 11. 0-0 Bb7 12. f3 Rc8 13. Bf2 c5 14. Ng3 Re8 15. Bf5 Bf8 16. Rae1 Ba6 17. Bd3 Bxd3 18. Qxd3 c4 19. Qf5 g6 20. Qc2 a6 21. h3 b5 22. a3 Qc7 23. e4 dxe4 24. fxe4 Nb6 25. Re2 Bg7 26. Rfe1 Qb7 27. e5 Nfd5 28. Qe4 Qc6 29. Qg4 Nxc3 30. bxc3 Re6 31. Ne4 Nd5 32. Bh4 a5 33. Qf3 g5 34. Bg3 Bf8 35. Rf1 Rc7 36. Ref2 Qb7 37. Qh5 Bxa3 38. Nf6+ Nxf6 39. Rxf6 Bf8 40. Rxe6 fxe6 41. Qg6+ Bg7 42. Qxe6+ Rf7 43. d5 Qd7 44. Qxd7 Rxd7 45. d6 Rd8 46. e6 Bxc3 47. e7 Ra8 48. d7 Bd4+ 49. Kh1 1-0

[Event "Las Palmas Ciudad 1st"]
[Site "Las Palmas"]
[Date "2014.07.08"]
[Round "5"]
[White "Julien Casteleiro, Ariel"]
[Black "Morales Sanchez, Domingo"]
[Result "0-1"]
[WhiteElo "1644"]
[BlackElo "1454"]
[PlyCount "186"]
[EventDate "2014.07.05"]
[EventType "swiss"]
[EventRounds "7"]
[EventCountry "ESP"]
[SourceTitle "EXT 2016"]
[Source "ChessBase"]
[SourceDate "2015.10.08"]
[SourceVersion "1"]
[SourceVersionDate "2015.10.08"]
[SourceQuality "1"]

1. e4 c5 2. Nf3 d6 3. d4 cxd4 4. Nxd4 Nf6 5. Nc3 g6 6. Bg5 Bg7 7. Bc4 0-0 8. 0-0 Nc6 9. Nde2 Bg4 10. h3 Bd7 11. Kh1 a6 12. a3 Qb6 13. Rb1 Qc5 14. Bd5 Nd8 15. Be3 Qc7 16. Bb3 b5 17. f3 Nb7 18. Qd2 Nc5 19. Ba2 Be6 20. Bxe6 Nxe6 21. Bh6 Rfc8 22. Bxg7 Nxg7 23. Rfc1 Qc5 24. Nd5 Nxd5 25. Qxd5 Qxd5 26. exd5 Rc5 27. Nc3 Rac8 28. Rd1 Nf5 29. Rd2 R8c7 30. Rc1 Ne3 31. Rd3 Nf5 32. Re1 Kf8 33. Kh2 Rc4 34. g4 Ng7 35. Rd2 h5 36. Ree2 Rb7 37. Ne4 f6 38. gxh5 Nxh5 39. b3 Rc8 40. Rf2 Ng7 41. f4 Nf5 42. Rd3 Rbc7 43. c3 Kf7 44. Kg1 Re8 45. Ra2 e6 46. dxe6+ Rxe6 47. Ng3 Re3 48. Rxe3 Nxe3 49. Ne2 d5 50. a4 Nf5 51. axb5 axb5 52. Ra5 Rb7 53. b4 Nd6 54. Kf2 Nc4 55. Ra8 Nd6 56. Rh8 Kg7 57. Rd8 Rb6 58. Ke3 Kf7 59. Kd4 Ke7 60. Rh8 Nb7 61. f5 gxf5 62. Nf4 Rc6 63. Nxd5+ Kd6 64. Nxf6 Rc4+ 65. Kd3 Ke5 66. Nd7+ Kf4 67. h4 Nd6 68. h5 Ne4 69. h6 Rxc3+ 70. Kd4 Rc4+ 71. Kd5 Rxb4 72. h7 Ng5 73. Nc5 Rb1 74. Ne6+ Nxe6 75. Kxe6 Rh1 76. Kf6 b4 77. Kg7 Rg1+ 78. Kf7 Rh1 79. Kf6 b3 80. Kf7 b2 81. Rb8 Rxh7+ 82. Kg6 Rh2 83. Rb3 Rg2+ 84. Kf6 Ke4 85. Rb4+ Kd3 86. Kxf5 Re2 87. Rb8 Kc2 88. Rc8+ Kb1 89. Kf4 Rc2 90. Rh8 Rd2 91. Ke3 Kc1 92. Rb8 Rc2 93. Rh8 b1Q 0-1

[Event "Las Palmas op 34th"]
[Site "Las Palmas"]
[Date "2013.12.06"]
[Round "5"]
[White "Grube, Kurt Heinz"]
[Black "Morales Sanchez, Domingo"]
[Result "1/2-1/2"]
[WhiteElo "1886"]
[BlackElo "1456"]
[PlyCount "49"]
[EventDate "2013.12.02"]
[EventType "swiss"]
[EventRounds "9"]
[EventCountry "ESP"]
[SourceTitle "CBM 157 Extra"]
[Source "ChessBase"]
[SourceDate "2013.12.19"]
[SourceVersion "1"]
[SourceVersionDate "2013.12.19"]
[SourceQuality "1"]

1. e4 c5 2. Nf3 d6 3. d4 cxd4 4. Nxd4 Nf6 5. Nc3 g6 6. Be2 Bg7 7. Be3 0-0 8. 0-0 a6 9. a4 Bd7 10. Qd2 Nc6 11. Nxc6 bxc6 12. a5 c5 13. f3 Qc7 14. Bh6 Rfb8 15. Bxg7 Kxg7 16. b3 Bc6 17. Bc4 e6 18. Qf4 Rd8 19. Rfd1 Ne8 20. Qe3 Qe7 21. Qe2 Nc7 22. Rd2 Qf6 23. e5 dxe5 24. Rad1 Rd4 25. Re1 1/2-1/2

[Event "Gran Canaria Vecindario op 1st"]
[Site "Gran Canaria"]
[Date "2013.08.01"]
[Round "1"]
[White "Morales Sanchez, Domingo"]
[Black "Gonzalez Intelangelo, Gerardo"]
[Result "1/2-1/2"]
[WhiteElo "1468"]
[BlackElo "2031"]
[PlyCount "110"]
[EventDate "2013.08.01"]
[EventType "swiss"]
[EventRounds "7"]
[EventCountry "ESP"]
[SourceTitle "EXT 2015"]
[Source "ChessBase"]
[SourceDate "2014.11.20"]
[SourceVersion "1"]
[SourceVersionDate "2014.11.20"]
[SourceQuality "1"]

1. c4 e5 2. Nc3 Nc6 3. g3 g6 4. Bg2 Bg7 5. Nf3 d6 6. a3 Nh6 7. Rb1 0-0 8. d3 Nf5 9. Nd5 Nce7 10. Bg5 f6 11. Nxe7+ Qxe7 12. Bd2 e4 13. dxe4 Qxe4 14. Rc1 Qe7 15. 0-0 Bd7 16. Bc3 Bc6 17. b4 Rfe8 18. Re1 Nh6 19. b5 Be4 20. Bb4 b6 21. Nh4 Nf7 22. Nf3 f5 23. e3 Bb2 24. Rc2 Bxc2 25. Qxc2 Bf6 26. Nd4 Ne5 27. Nc6 Nxc6 28. Bxc6 a5 29. Bc3 Rad8 30. Bxe8 Rxe8 31. a4 Qf7 32. Rc1 Re4 33. Bxf6 Qxf6 34. Qc3 Kf7 35. h4 Ke7 36. Qxf6+ Kxf6 37. Kg2 Re5 38. Kf3 Rc5 39. e4 Ke5 40. exf5 Kxf5 41. Ke3 Kg4 42. Rc3 Rf5 43. Ke2 Rc5 44. Ke3 h5 45. Kd4 Re5 46. Re3 Rf5 47. Re6 Rxf2 48. Rxg6+ Kh3 49. Ke3 Ra2 50. Rh6 Rxa4 51. Rxh5 Rxc4 52. Rg5 Rg4 53. Kf3 Rc4 54. h5 Rc3+ 55. Kf4 Rc4+ 1/2-1/2

[Event "Maspalomas IRT-B 6th"]
[Site "San Bartolome de Tirajana"]
[Date "2013.07.27"]
[Round "6"]
[White "Suarez Fleitas, Alberto"]
[Black "Morales Sanchez, Domingo"]
[Result "1/2-1/2"]
[WhiteElo "1462"]
[BlackElo "1468"]
[PlyCount "50"]
[EventDate "2013.07.16"]
[EventType "tourn"]
[EventRounds "7"]
[EventCountry "ESP"]
[SourceTitle "EXT 2015"]
[Source "ChessBase"]
[SourceDate "2014.11.20"]
[SourceVersion "1"]
[SourceVersionDate "2014.11.20"]
[SourceQuality "1"]

1. e4 c5 2. Nf3 Nc6 3. d4 cxd4 4. Nxd4 e5 5. Nb3 Nf6 6. Bg5 Be7 7. N1d2 a6 8. Be2 0-0 9. 0-0 b5 10. c4 Rb8 11. Qc2 Qb6 12. Be3 Qb7 13. Rab1 Nb4 14. Qc3 d6 15. a3 Nc6 16. f3 Be6 17. cxb5 axb5 18. Rfc1 Rfc8 19. Na5 Nxa5 20. Qxa5 Bd7 21. Qa7 Qxa7 22. Bxa7 Rb7 23. Rxc8+ Bxc8 24. Rc1 Be6 25. Be3 d5 1/2-1/2

[Event "Las Palmas Capablanca Memorial 1st"]
[Site "Las Palmas"]
[Date "2013.05.17"]
[Round "6"]
[White "Leon Manas, Jose Francisco"]
[Black "Morales Sanchez, Domingo"]
[Result "1-0"]
[WhiteElo "1707"]
[BlackElo "1471"]
[PlyCount "69"]
[EventDate "2013.04.30"]
[EventType "swiss"]
[EventRounds "7"]
[EventCountry "ESP"]
[SourceTitle "EXT 2024"]
[Source "ChessBase"]
[SourceDate "2023.10.10"]
[SourceVersion "1"]
[SourceVersionDate "2023.10.10"]
[SourceQuality "1"]

1. b4 e5 2. b5 b6 3. Bb2 d6 4. e3 Nf6 5. Nf3 Bg4 6. Be2 Be7 7. 0-0 Nbd7 8. Nc3 0-0 9. a4 Be6 10. Ng5 Bf5 11. e4 Bg6 12. d3 h6 13. Nf3 a6 14. Re1 axb5 15. axb5 Nc5 16. h3 Ne6 17. Na2 Nf4 18. Bf1 Qd7 19. c4 Bh5 20. Re3 g5 21. Nb4 g4 22. hxg4 Qxg4 23. Nc6 Rae8 24. Qd2 Kh7 25. d4 Nd7 26. dxe5 Rg8 27. Nh2 Qg5 28. g3 dxe5 29. Qxd7 Bc5 30. Rb3 Ne6 31. Bxe5 Qd2 32. Rb2 Qg5 33. Bg2 Ra8 34. Rxa8 Rxa8 35. Rd2 1-0

[Event "Las Palmas Montalvo Memorial 6th"]
[Site "Las Palmas"]
[Date "2013.03.28"]
[Round "4"]
[White "Strebkovs, Andrejs"]
[Black "Morales Sanchez, Domingo"]
[Result "1-0"]
[WhiteElo "2331"]
[BlackElo "1471"]
[PlyCount "105"]
[EventDate "2013.03.25"]
[EventType "swiss"]
[EventRounds "9"]
[EventCountry "ESP"]
[SourceTitle "CBM 153 Extra"]
[Source "ChessBase"]
[SourceDate "2013.04.22"]
[SourceVersion "1"]
[SourceVersionDate "2013.04.22"]
[SourceQuality "1"]

1. Nf3 d5 2. d4 Nf6 3. g3 b6 4. Bg2 Bb7 5. 0-0 e6 6. Ne5 Nbd7 7. c4 c5 8. e3 Bd6 9. f4 0-0 10. Nc3 Ne4 11. Nxe4 dxe4 12. Nxd7 Qxd7 13. dxc5 bxc5 14. Qc2 f5 15. b3 Qe7 16. Bb2 e5 17. Qc3 exf4 18. exf4 Rad8 19. Rfd1 Bc7 20. Ba3 Bb6 21. Qe3 Qc7 22. Bb2 Rd7 23. Be5 Qc8 24. Bh3 Rfd8 25. Rxd7 Qxd7 26. Bc3 Qf7 27. Bf1 Qf8 28. Be2 Rd6 29. Be5 Rd8 30. Bc3 Qf7 31. Rf1 Qe7 32. g4 fxg4 33. f5 Rf8 34. Bxg4 Bc7 35. Rd1 Bc6 36. Bh3 Rd8 37. Rxd8+ Bxd8 38. Qg3 Kh8 39. Qe5 Qxe5 40. Bxe5 Bf6 41. Bxf6 gxf6 42. Kf2 Kg7 43. Ke3 Kh6 44. Kf4 Kh5 45. Bg2 Kh4 46. Bxe4 Bxe4 47. Kxe4 Kh5 48. b4 cxb4 49. c5 a5 50. c6 a4 51. c7 b3 52. axb3 axb3 53. c8Q 1-0